00464nam a22001457a 4500003000500000038001800005082000800023100002400031245008600055264003500141300002400176650002900200700003200229856005700261NUST aNusrat Nadeem a200 aIsmail, Bilal Ahmed aDesign and Implementation of an Autonomous Device Analyser/cBilal Ahmed Ismail,  aIslamabad;bSEECS NUST;c2024. a63,p;bill;c30,cm. aMS- Information Security aSupervisor: Dr. Hasan Tahir uhttp://10.250.8.41:8080/xmlui/handle/123456789/45355